Occupational structure and economic conditions of rural migration (Record no. 15526)

000 -LEADER
fixed length control field 00444pab a2200169 454500
008 - FIXED-LENGTH DATA ELEMENTS--GENERAL INFORMATION
fixed length control field 180718b1987 xxu||||| |||| 00| 0 eng d
100 ## - MAIN ENTRY--PERSONAL NAME
Personal name Chary, M. Vadagira
245 ## - TITLE STATEMENT
Title Occupational structure and economic conditions of rural migration
260 ## - PUBLICATION, DISTRIBUTION, ETC.
Date of publication, distribution, etc. 1987
300 ## - PHYSICAL DESCRIPTION
Extent 474-9
362 ## - DATES OF PUBLICATION AND/OR SEQUENTIAL DESIGNATION
Dates of publication and/or sequential designation Aug.
650 ## - SUBJECT ADDED ENTRY--TOPICAL TERM
Topical term or geographic name entry element Population - Migration
700 ## - ADDED ENTRY--PERSONAL NAME
Personal name K. Venkat Narayana
700 ## - ADDED ENTRY--PERSONAL NAME
Personal name B. Sudhakar
773 ## - HOST ITEM ENTRY
Main entry heading Khadi Gramodyog
909 ## -
-- 15526
Holdings
Withdrawn status Lost status Damaged status Not for loan Permanent Location Current Location Date acquired Serial Enumeration / chronology Barcode Date last seen Price effective from Koha item type
        Indian Institute of Public Administration Indian Institute of Public Administration 2018-07-19 Volume no: 33, Issue no: 4 AR15583 2018-07-19 2018-07-19 Articles

Powered by Koha